Central Library OPAC University of Rajshahi

First-year calculus / (Record no. 50800)

MARC details
000 -LEADER
fixed length control field 00635nam a22002293a 4500
001 - CONTROL NUMBER
control field 50800
003 - CONTROL NUMBER IDENTIFIER
rucl marc code BD-RjUL
005 - DATE AND TIME OF LATEST TRANSACTION
control field 20211209075551.0
008 - FIXED-LENGTH DATA ELEMENTS--GENERAL INFORMATION
fixed length control field 160828s1967 nyu |c |||| | eng d
035 ## - SYSTEM CONTROL NUMBER
System control number (BD-RjUL)50920
040 ## - CATALOGING SOURCE
Original cataloging agency BD-RjUL
Language of cataloging eng
Transcribing agency BD-RjUL
041 ## - LANGUAGE CODE
Language code of text/sound track or separate title eng
082 ## - DEWEY DECIMAL CLASSIFICATION NUMBER
Edition number 23
Classification number 515
Author mark and year SIF 1967
100 ## - MAIN ENTRY--PERSONAL NAME
Personal name Simon, Arthur B.
9 (RLIN) 152067
245 10 - TITLE STATEMENT
Title First-year calculus /
Statement of responsibility, etc. Arthur B. Simon.
260 ## - PUBLICATION, DISTRIBUTION, ETC. (IMPRINT)
Place of publication, distribution, etc. New York :
Name of publisher, distributor, etc. The Macmillan Company,
Date of publication, distribution, etc. 1967.
300 ## - PHYSICAL DESCRIPTION
Pagination 465 p. :
Illustrations ill. ;
Size 28 cm.
500 ## - GENERAL NOTE
General note Inventory Control Project record.
General note Includes index.
650 ## - SUBJECT ADDED ENTRY--TOPICAL TERM
Topical term or geographic name as entry element Calculus
9 (RLIN) 152068
942 ## - ADDED ENTRY ELEMENTS (KOHA)
Source of classification or shelving scheme Dewey Decimal Classification
Koha item type Books
Holdings
Lost status Source of classification or shelving scheme Damaged status Not for loan Collection code Permanent Location Current Location Shelving location Date acquired Source of acquisition Cost, normal purchase price Total Checkouts Full call number Date last seen Copy number Koha item type
  Dewey Decimal Classification   Not For Loan Non-fiction Central Library, University of Rajshahi Central Library, University of Rajshahi Reading Room 28/08/2016 Swets & Zeitlinger 93.00   515 SIF 1967 28/08/2016 C-1 Books